[Event "NAYCC U16 w"]
[Site "Kingston CAN"]
[Date "2025.08.21"]
[Round "6.6"]
[White "Li, Emma"]
[Black "Kaur, Jind"]
[Result "0-1"]
[WhiteElo "1686"]
[BlackElo "1563"]
[WhiteFideId "-1"]
[WhiteFideId "-1"]
[PlyCount "80"]
[GameId "2223082589157318"]
[EventDate "2025.08.18"]
[EventType "swiss"]
[EventRounds "9"]
[EventCountry "CAN"]

1. e4 c5 2. Nf3 Nc6 3. d4 cxd4 4. Nxd4 g6 5. Nc3 Bg7 6. Be3 Nf6 7. Bc4 O-O 8. f3 Qb6 9. Bb3 Nxe4 10. Nd5 Qa5+ 11. c3 Nc5 12. Nxc6 dxc6 13. Nxe7+ Kh8 14. Nxc8 Raxc8 15. O-O Rcd8 16. Qc2 Rfe8 17. Bxc5 Qxc5+ 18. Kh1 Re7 19. Rad1 Rde8 20. Qd3 Qg5 21. Rf2 Be5 22. g3 Qh5 23. Kg1 Bc7 24. Kg2 Bb6 25. Rfd2 Re3 26. g4 Qh4 27. Qc4 Bc7 28. Rh1 Rxf3 29. Qd4+ Be5 30. Kxf3 Bxd4 31. Rxd4 Qh3+ 32. Kf2 Re3 33. Rf4 Rd3 34. Bd1 Qe3+ 35. Kg2 Qxf4 36. Rf1 Qd2+ 37. Kg1 Rh3 38. Rf2 Qxd1+ 39. Kg2 Qxg4+ 40. Kf1 Rd3 0-1

[Event "NAYCC U16 w"]
[Site "Kingston CAN"]
[Date "2025.08.22"]
[Round "7.1"]
[White "Jiang, Hancy"]
[Black "Wang, Chloe"]
[Result "1-0"]
[WhiteElo "1929"]
[BlackElo "1875"]
[WhiteFideId "-1"]
[WhiteFideId "-1"]
[PlyCount "53"]
[GameId "2223082589161415"]
[EventDate "2025.08.18"]
[EventType "swiss"]
[EventRounds "9"]
[EventCountry "CAN"]

1. d4 Nf6 2. c4 e6 3. Nc3 Bb4 4. e3 d5 5. a3 Bxc3+ 6. bxc3 O-O 7. cxd5 exd5 8. Bd3 c5 9. Ne2 b6 10. f3 Re8 11. O-O Bb7 12. Ng3 Nc6 13. Ra2 Qd7 14. Re1 Rad8 15. Rae2 Qc7 16. Bb2 cxd4 17. cxd4 Na5 18. e4 Nc4 19. e5 Nd7 20. Bc1 Nf8 21. Rf2 Bc8 22. f4 Qe7 23. f5 f6 24. e6 Nxa3 25. Qa4 Nc4 26. Bxc4 dxc4 27. Ba3 1-0

[Event "NAYCC U16 w"]
[Site "Kingston CAN"]
[Date "2025.08.22"]
[Round "7.2"]
[White "Namala, Dhanvi"]
[Black "Fausto, Aliana"]
[Result "1/2-1/2"]
[WhiteElo "1752"]
[BlackElo "1832"]
[WhiteFideId "-1"]
[WhiteFideId "-1"]
[PlyCount "91"]
[GameId "2223082589161416"]
[EventDate "2025.08.18"]
[EventType "swiss"]
[EventRounds "9"]
[EventCountry "CAN"]

1. e4 c5 2. c3 Nf6 3. e5 Nd5 4. d4 cxd4 5. Nf3 d6 6. exd6 Qxd6 7. Nxd4 a6 8. Be2 e6 9. O-O Be7 10. Nd2 O-O 11. Nc4 Qc7 12. a4 b6 13. Re1 Bb7 14. a5 b5 15. Ne3 Rd8 16. Nxd5 Bxd5 17. Bf3 Nc6 18. Be3 Bxf3 19. Qxf3 Ne5 20. Qg3 Rd5 21. Nf3 Bd6 22. Nxe5 Bxe5 23. Qh3 Qc4 24. Bb6 Bf6 25. Qf3 Rc8 26. Rad1 b4 27. Rxd5 exd5 28. Rd1 bxc3 29. bxc3 Re8 30. g3 Re4 31. Rd3 h6 32. Kg2 Qc6 33. Ba7 Bd8 34. Bb6 Be7 35. Ba7 Qb5 36. Bb6 Qc6 37. Ba7 Bc5 38. Bb6 Bxb6 39. axb6 Qxb6 40. Rxd5 Rc4 41. Rd7 Qe6 42. Rd8+ Kh7 43. Qd3+ g6 44. Rd6 Rxc3 45. Rxe6 Rxd3 46. Rxa6 1/2-1/2

[Event "NAYCC U16 w"]
[Site "Kingston CAN"]
[Date "2025.08.22"]
[Round "7.3"]
[White "Huang, Jolie"]
[Black "Zhang, Kylie"]
[Result "1/2-1/2"]
[WhiteElo "1833"]
[BlackElo "1733"]
[WhiteFideId "-1"]
[WhiteFideId "-1"]
[PlyCount "105"]
[GameId "2223082589165513"]
[EventDate "2025.08.18"]
[EventType "swiss"]
[EventRounds "9"]
[EventCountry "CAN"]

1. d4 d5 2. c4 e6 3. Nf3 Nd7 4. e3 Ngf6 5. Nbd2 b6 6. Bd3 Bd6 7. O-O Bb7 8. b3 O-O 9. Bb2 Ne4 10. Rc1 Qe7 11. Ne5 Bxe5 12. dxe5 Ndc5 13. Ba3 Rfd8 14. cxd5 Bxd5 15. f3 Nxd2 16. Qxd2 Bb7 17. Bxc5 bxc5 18. Qe2 Rd7 19. Bb5 Rd5 20. f4 Rad8 21. Rfd1 h6 22. Bc4 R5d7 23. Bd3 Rd5 24. Bc4 R5d7 25. Bb5 Rxd1+ 26. Rxd1 Rxd1+ 27. Qxd1 Qh4 28. Bf1 Bd5 29. Qc1 g5 30. Qd2 Qg4 31. Qe2 Qf5 32. Qd3 Be4 33. Qd8+ Kg7 34. Qxc7 gxf4 35. exf4 Bd3 36. Bxd3 Qxd3 37. Qxa7 Qe3+ 38. Kf1 Qxf4+ 39. Kg1 Qe3+ 40. Kf1 Qxe5 41. h3 Qf4+ 42. Kg1 Qd4+ 43. Kh2 e5 44. a4 e4 45. Qb8 e3 46. a5 e2 47. Qg3+ Kh7 48. a6 Qd1 49. a7 e1=Q 50. Qxe1 Qxe1 51. a8=Q Qe5+ 52. Kh1 Qe1+ 53. Kh2 1/2-1/2

[Event "NAYCC U16 w"]
[Site "Kingston CAN"]
[Date "2025.08.22"]
[Round "7.4"]
[White "Han, Shuyi"]
[Black "Prabhu, Tanya"]
[Result "1/2-1/2"]
[WhiteElo "1828"]
[BlackElo "1813"]
[WhiteFideId "-1"]
[WhiteFideId "-1"]
[PlyCount "99"]
[GameId "2223082589169610"]
[EventDate "2025.08.18"]
[EventType "swiss"]
[EventRounds "9"]
[EventCountry "CAN"]

1. d4 e6 2. c4 d5 3. Nc3 f5 4. g3 Nf6 5. Bg2 c6 6. Nf3 Bd6 7. O-O O-O 8. b3 Ne4 9. Qc2 Nd7 10. e3 g5 11. Bb2 g4 12. Ne1 Nxc3 13. Bxc3 Qg5 14. Qe2 Nf6 15. Nd3 Ne4 16. Bb4 Bxb4 17. Nxb4 Bd7 18. Nd3 Nf6 19. Ne5 Be8 20. cxd5 exd5 21. f3 gxf3 22. Nxf3 Qh5 23. Qd3 Bg6 24. Nh4 Ne4 25. Rf4 Rae8 26. Raf1 Qg5 27. Nf3 Qe7 28. Ne5 Nd6 29. g4 Kg7 30. gxf5 Rxf5 31. Rxf5 Nxf5 32. Qe2 Qg5 33. Re1 Bh5 34. Qf2 Rf8 35. Nd7 Rf7 36. Nc5 Rf6 37. Nd7 Re6 38. Kh1 Kh8 39. Ne5 Rf6 40. Qd2 Bg6 41. Rf1 Nh4 42. Rxf6 Qxf6 43. Nxg6+ hxg6 44. Qe1 Kg7 45. Qg3 Nf5 46. Qc7+ Qf7 47. Qe5+ Qf6 48. Qc7+ Qf7 49. Qe5+ Qf6 50. Qc7+ 1/2-1/2

[Event "NAYCC U16 w"]
[Site "Kingston CAN"]
[Date "2025.08.22"]
[Round "7.5"]
[White "Yang, Jing Yao"]
[Black "Kaur, Jind"]
[Result "1-0"]
[WhiteElo "1731"]
[BlackElo "1563"]
[WhiteFideId "-1"]
[WhiteFideId "-1"]
[PlyCount "117"]
[GameId "2223082589173707"]
[EventDate "2025.08.18"]
[EventType "swiss"]
[EventRounds "9"]
[EventCountry "CAN"]

1. e4 c5 2. Nf3 Nc6 3. d4 cxd4 4. Nxd4 g6 5. Nc3 Bg7 6. Be3 Nf6 7. Bc4 O-O 8. Bb3 Re8 9. O-O d6 10. h3 a6 11. a4 Nxd4 12. Bxd4 b6 13. Nd5 Rb8 14. Nxf6+ exf6 15. Re1 f5 16. Bxg7 Kxg7 17. Qd4+ Qf6 18. Rad1 Rxe4 19. Rxe4 fxe4 20. Qxe4 Qxb2 21. Rxd6 Bf5 22. Qf4 Rb7 23. g4 Be6 24. Bxe6 fxe6 25. Rxe6 Rf7 26. Qe4 Qc1+ 27. Kg2 Qf4 28. f3 Qd2+ 29. Kg3 Qd1 30. Qe5+ Kh6 31. Qe3+ Kg7 32. Qe5+ Kh6 33. g5+ Kh5 34. Qe3 Qxc2 35. Re4 Qc7+ 36. f4 Rxf4 37. Rxf4 Kxg5 38. Kf3 Qc6+ 39. Re4+ Kf6 40. Qd4+ Kf7 41. Qe5 b5 42. Qe7+ Kg8 43. Qe8+ Qxe8 44. Rxe8+ Kf7 45. Ra8 b4 46. Rxa6 b3 47. Rb6 b2 48. Rxb2 h5 49. a5 g5 50. a6 g4+ 51. hxg4 hxg4+ 52. Kxg4 Ke6 53. a7 Kd6 54. a8=R Kc7 55. Ra1 Kc6 56. Rd2 Kb5 57. Rc1 Ka6 58. Rb2 Ka5 59. Ra1# 1-0

[Event "NAYCC U16 w"]
[Site "Kingston CAN"]
[Date "2025.08.22"]
[Round "7.6"]
[White "Yang, Lucy"]
[Black "Li, Emma"]
[Result "1-0"]
[WhiteElo "1612"]
[BlackElo "1686"]
[WhiteFideId "-1"]
[WhiteFideId "-1"]
[PlyCount "55"]
[GameId "2223082589177804"]
[EventDate "2025.08.18"]
[EventType "swiss"]
[EventRounds "9"]
[EventCountry "CAN"]

1. e4 e5 2. Nf3 Nc6 3. Bb5 a6 4. Ba4 d6 5. c3 Nf6 6. d3 Be7 7. Nbd2 O-O 8. O-O b5 9. Bc2 Bg4 10. h3 Bh5 11. Re1 Re8 12. Nf1 d5 13. exd5 Qxd5 14. Ne3 Bxf3 15. Nxd5 Bxd1 16. Nxf6+ Bxf6 17. Bxd1 Rad8 18. Bf3 Re6 19. d4 Ne7 20. Bg4 exd4 21. Bxe6 dxc3 22. Bb3 cxb2 23. Bxb2 Bxb2 24. Rad1 Rxd1 25. Rxd1 Nc6 26. Rd7 Be5 27. Bd5 Nb4 28. Rd8# 1-0

[Event "NAYCC U16 w"]
[Site "Kingston CAN"]
[Date "2025.08.22"]
[Round "8.1"]
[White "Fausto, Aliana"]
[Black "Jiang, Hancy"]
[Result "0-1"]
[WhiteElo "1832"]
[BlackElo "1929"]
[WhiteFideId "-1"]
[WhiteFideId "-1"]
[PlyCount "146"]
[GameId "2223082589181901"]
[EventDate "2025.08.18"]
[EventType "swiss"]
[EventRounds "9"]
[EventCountry "CAN"]

1. e4 e5 2. Nf3 Nf6 3. Nc3 Nc6 4. a3 d5 5. Bb5 d4 6. Ne2 Bd6 7. d3 a6 8. Bc4 Na5 9. Ba2 c5 10. c3 Nc6 11. O-O O-O 12. h3 Be6 13. Bxe6 fxe6 14. cxd4 cxd4 15. Ng3 Kh8 16. Ng5 Qd7 17. Nh5 h6 18. Nxf6 Rxf6 19. Qh5 Kg8 20. Nf3 a5 21. b3 Rff8 22. Nh2 Qf7 23. Qe2 Ne7 24. g3 Qg6 25. Bd2 Nc6 26. Qg4 Qxg4 27. Nxg4 Rf3 28. Rfd1 Rxd3 29. Kg2 Rxb3 30. Rdb1 Rxa3 31. Rxa3 Bxa3 32. Rxb7 Bb4 33. Bxb4 axb4 34. Rb6 Rc8 35. f3 Kf8 36. Nf2 Ke7 37. Nd3 Kd6 38. Rb5 Ra8 39. f4 exf4 40. e5+ Kd7 41. Nc5+ Kc8 42. Nd3 fxg3 43. Nxb4 Kc7 44. Rc5 Kb6 45. Rxc6+ Kb5 46. Rd6 Kxb4 47. Rxd4+ Kc5 48. Rd3 Ra2+ 49. Kxg3 Re2 50. Kf4 g5+ 51. Kg4 Rxe5 52. Kh5 Rd5 53. Re3 e5 54. Kg4 Kd4 55. Re1 e4 56. Kg3 Ra5 57. Rd1+ Ke3 58. Re1+ Kd3 59. h4 gxh4+ 60. Kxh4 e3 61. Rd1+ Kc2 62. Rd8 Re5 63. Rc8+ Kd3 64. Rd8+ Ke4 65. Kg3 Rg5+ 66. Kh3 e2 67. Re8+ Kd3 68. Rd8+ Ke3 69. Re8+ Kd2 70. Rd8+ Ke3 71. Re8+ Kd3 72. Rd8+ Ke4 73. Re8+ Re5 0-1

[Event "NAYCC U16 w"]
[Site "Kingston CAN"]
[Date "2025.08.22"]
[Round "8.2"]
[White "Wang, Chloe"]
[Black "Huang, Jolie"]
[Result "1-0"]
[WhiteElo "1875"]
[BlackElo "1833"]
[WhiteFideId "-1"]
[WhiteFideId "-1"]
[PlyCount "99"]
[GameId "2223082589190094"]
[EventDate "2025.08.18"]
[EventType "swiss"]
[EventRounds "9"]
[EventCountry "CAN"]

1. e4 c5 2. Nf3 Nc6 3. d4 cxd4 4. Nxd4 g6 5. c4 Nf6 6. Nc3 d6 7. Be2 Nxd4 8. Qxd4 Bg7 9. Be3 O-O 10. Qd2 Be6 11. Rc1 Qa5 12. f3 Rfc8 13. Nd5 Qxd2+ 14. Kxd2 Kf8 15. b4 Bxd5 16. cxd5 a6 17. Rxc8+ Rxc8 18. b5 a5 19. Rc1 Rxc1 20. Kxc1 Nd7 21. b6 Nc5 22. Bb5 e6 23. Kc2 Bf6 24. Bd2 a4 25. Bh6+ Kg8 26. Be3 Bd8 27. dxe6 fxe6 28. e5 Bxb6 29. exd6 Kf7 30. Bg5 h6 31. Bxh6 Bd8 32. Bf4 Bf6 33. Be3 b6 34. g3 Be5 35. d7 Bc7 36. Bg5 Nb7 37. Bxa4 Bd8 38. Bxd8 Nxd8 39. Kd3 Ke7 40. Kc4 Kd6 41. h4 Nf7 42. Kd4 e5+ 43. Ke4 Nd8 44. g4 Nf7 45. Ke3 Ke7 46. Bc2 Kf6 47. g5+ Ke7 48. Bxg6 Nd6 49. h5 Kxd7 50. h6 1-0

[Event "NAYCC U16 w"]
[Site "Kingston CAN"]
[Date "2025.08.22"]
[Round "8.3"]
[White "Zhang, Kylie"]
[Black "Prabhu, Tanya"]
[Result "1-0"]
[WhiteElo "1733"]
[BlackElo "1813"]
[WhiteFideId "-1"]
[WhiteFideId "-1"]
[PlyCount "75"]
[GameId "2223082589194191"]
[EventDate "2025.08.18"]
[EventType "swiss"]
[EventRounds "9"]
[EventCountry "CAN"]

1. e4 e6 2. d4 d5 3. Nc3 dxe4 4. Nxe4 Nd7 5. Bg5 Be7 6. Bxe7 Qxe7 7. c3 Ngf6 8. Nxf6+ Qxf6 9. Nf3 O-O 10. Bd3 e5 11. O-O exd4 12. cxd4 Nb6 13. Qc2 c6 14. Bxh7+ Kh8 15. Be4 Be6 16. a3 Rad8 17. Qc5 Bd5 18. Rfe1 Rd6 19. Bxd5 cxd5 20. Ne5 Qd8 21. Re3 Rh6 22. Rae1 Kg8 23. Rf3 f5 24. h3 Re6 25. Rc1 Qh4 26. Rd1 Qf6 27. Rg3 Rc8 28. Qb5 Qe7 29. Qd3 Rf6 30. Rg5 Qe6 31. Qg3 Qe7 32. Qf4 Qf8 33. Rd3 Rc2 34. Rdg3 Rc7 35. Ng4 Rfc6 36. Nh6+ Kh7 37. Nxf5 g6 38. Rxg6 1-0

[Event "NAYCC U16 w"]
[Site "Kingston CAN"]
[Date "2025.08.22"]
[Round "8.4"]
[White "Kaur, Jind"]
[Black "Namala, Dhanvi"]
[Result "1-0"]
[WhiteElo "1563"]
[BlackElo "1752"]
[WhiteFideId "-1"]
[WhiteFideId "-1"]
[PlyCount "49"]
[GameId "2223082589198288"]
[EventDate "2025.08.18"]
[EventType "swiss"]
[EventRounds "9"]
[EventCountry "CAN"]

1. e4 c5 2. Nf3 Nc6 3. d4 cxd4 4. Nxd4 Nf6 5. Nc3 d6 6. f3 e5 7. Nb3 Be7 8. Be3 Be6 9. Qd2 O-O 10. O-O-O Qc8 11. g4 a6 12. h4 b5 13. h5 b4 14. Nd5 Bxd5 15. exd5 Nd8 16. g5 Nd7 17. g6 h6 18. Bxh6 f5 19. Bg5 Bf6 20. h6 Nb7 21. Bxf6 gxf6 22. h7+ Kh8 23. Qh6 Rf7 24. gxf7 Ndc5 25. Qxf6# 1-0

[Event "NAYCC U16 w"]
[Site "Kingston CAN"]
[Date "2025.08.22"]
[Round "8.5"]
[White "Yang, Jing Yao"]
[Black "Yang, Lucy"]
[Result "1-0"]
[WhiteElo "1731"]
[BlackElo "1612"]
[WhiteFideId "-1"]
[WhiteFideId "-1"]
[PlyCount "81"]
[GameId "2223082589198289"]
[EventDate "2025.08.18"]
[EventType "swiss"]
[EventRounds "9"]
[EventCountry "CAN"]

1. e4 c5 2. Nf3 Nc6 3. d4 cxd4 4. Nxd4 Nf6 5. Nc3 e5 6. Ndb5 d6 7. Nd5 Nxd5 8. exd5 Nb8 9. a4 Be7 10. Bd2 Nd7 11. a5 a6 12. Na3 O-O 13. Be2 Rb8 14. Nc4 f5 15. Bb4 Qc7 16. Ra3 b5 17. axb6 Nxb6 18. Ba5 Bf6 19. Nxb6 e4 20. Nxc8 Qxc8 21. Bc3 Bxc3+ 22. Rxc3 Qd8 23. O-O Rxb2 24. Qd4 Qf6 25. Qxf6 Rxf6 26. Bxa6 Rb8 27. Rc8+ Rxc8 28. Bxc8 Kf8 29. Be6 Ke7 30. Ra1 Rf8 31. Kf1 Kf6 32. Ra7 h6 33. Rd7 Ke5 34. Rxg7 Ra8 35. Ke2 f4 36. Kd2 Ra3 37. Rf7 e3+ 38. fxe3 fxe3+ 39. Ke2 Ke4 40. Rc7 Ra4 41. Rc3 1-0

[Event "NAYCC U16 w"]
[Site "Kingston CAN"]
[Date "2025.08.22"]
[Round "8.6"]
[White "Li, Emma"]
[Black "Han, Shuyi"]
[Result "0-1"]
[WhiteElo "1686"]
[BlackElo "1828"]
[WhiteFideId "-1"]
[WhiteFideId "-1"]
[PlyCount "57"]
[GameId "2223082589202386"]
[EventDate "2025.08.18"]
[EventType "swiss"]
[EventRounds "9"]
[EventCountry "CAN"]

1. e4 e5 2. Nf3 Nc6 3. Nc3 Nf6 4. Bb5 Bb4 5. O-O O-O 6. d3 d6 7. Bg5 Bxc3 8. bxc3 Qe7 9. Re1 Nd8 10. d4 Ne6 11. Bh4 Nf4 12. Bg5 Ng6 13. h4 Bg4 14. Qc1 Bxf3 15. gxf3 Qe6 16. Kh2 c6 17. Bf1 Nh5 18. Bh3 Qe8 19. Kh1 f6 20. Bh6 Nhf4 21. Bxf4 Nxf4 22. Bg4 h5 23. Bf5 g6 24. Rg1 Kh7 25. Qb2 Qe7 26. Bg4 f5 27. Rg3 fxg4 28. fxg4 Qxh4+ 29. Kg1 0-1

[Event "NAYCC U16 w"]
[Site "Kingston CAN"]
[Date "2025.08.23"]
[Round "9.1"]
[White "Namala, Dhanvi"]
[Black "Jiang, Hancy"]
[Result "0-1"]
[WhiteElo "1752"]
[BlackElo "1929"]
[WhiteFideId "-1"]
[WhiteFideId "-1"]
[PlyCount "46"]
[GameId "2223082589206483"]
[EventDate "2025.08.18"]
[EventType "swiss"]
[EventRounds "9"]
[EventCountry "CAN"]

1. e4 e5 2. Nf3 Nf6 3. Nxe5 d6 4. Nf3 Nxe4 5. d4 d5 6. Bd3 Bd6 7. O-O O-O 8. c4 c6 9. Nc3 Nxc3 10. bxc3 Bg4 11. Bxh7+ Kxh7 12. Qd3+ g6 13. Qe3 Bxf3 14. Qh6+ Kg8 15. Bg5 Be7 16. Bxe7 Qxe7 17. gxf3 Nd7 18. Kh1 Rfe8 19. Rg1 Qf6 20. Rg3 Re2 21. Rag1 Nf8 22. h4 Rxf2 23. h5 Qh4+ 0-1

[Event "NAYCC U16 w"]
[Site "Kingston CAN"]
[Date "2025.08.23"]
[Round "9.2"]
[White "Prabhu, Tanya"]
[Black "Wang, Chloe"]
[Result "1/2-1/2"]
[WhiteElo "1813"]
[BlackElo "1875"]
[WhiteFideId "-1"]
[WhiteFideId "-1"]
[PlyCount "54"]
[GameId "2223082589210580"]
[EventDate "2025.08.18"]
[EventType "swiss"]
[EventRounds "9"]
[EventCountry "CAN"]

1. c4 e5 2. Nc3 Nc6 3. g3 f5 4. Bg2 Nf6 5. d3 d6 6. Nd5 g6 7. e3 Bg7 8. Ne2 O-O 9. O-O Ne7 10. f4 c6 11. Nxf6+ Bxf6 12. Nc3 Be6 13. Qe2 d5 14. cxd5 Nxd5 15. Bxd5 Bxd5 16. e4 Be6 17. Be3 b6 18. Rad1 fxe4 19. dxe4 Qe7 20. f5 Bf7 21. g4 Rad8 22. Rxd8 Rxd8 23. fxg6 hxg6 24. Rd1 Bg5 25. Rd3 Rxd3 26. Qxd3 Bxe3+ 27. Qxe3 Qb4 1/2-1/2

[Event "NAYCC U16 w"]
[Site "Kingston CAN"]
[Date "2025.08.23"]
[Round "9.3"]
[White "Fausto, Aliana"]
[Black "Yang, Jing Yao"]
[Result "1/2-1/2"]
[WhiteElo "1832"]
[BlackElo "1731"]
[WhiteFideId "-1"]
[WhiteFideId "-1"]
[PlyCount "120"]
[GameId "2223082589214677"]
[EventDate "2025.08.18"]
[EventType "swiss"]
[EventRounds "9"]
[EventCountry "CAN"]

1. e4 e5 2. Nf3 Nc6 3. Nc3 Nf6 4. a3 d5 5. Bb5 d4 6. Ne2 Bd6 7. d3 h6 8. Nexd4 exd4 9. e5 O-O 10. Bxc6 bxc6 11. O-O Bc5 12. exf6 Qxf6 13. Nd2 Qg6 14. Kh1 Be6 15. f3 f5 16. Qe2 Bd6 17. Qf2 c5 18. Re1 Rae8 19. Nf1 Qf6 20. b3 Re7 21. Bd2 Rfe8 22. a4 Bd5 23. Rxe7 Rxe7 24. Re1 Be5 25. Re2 Qd6 26. Qe1 Kf7 27. Bc1 Bf6 28. Ng3 Rxe2 29. Qxe2 Be6 30. f4 g6 31. Nf1 Qc6 32. Nd2 Bd5 33. Kg1 Be7 34. h3 Bd6 35. Nf1 Qd7 36. Ng3 Qc6 37. Nf1 Qd7 38. Bd2 Qd8 39. Qf2 Qe7 40. Nh2 Kg7 41. Nf3 Qd7 42. Nh4 Be7 43. Nf3 Bd6 44. Qe2 Qc6 45. Kf2 Bxf3 46. Qxf3 Qxf3+ 47. Kxf3 Kf6 48. c3 Ke6 49. c4 Be7 50. g3 Kf6 51. Ba5 Bd6 52. Be1 Ke6 53. Ke2 g5 54. Kf3 gxf4 55. gxf4 Be7 56. Kg3 Bd6 57. Bd2 Kf6 58. Ba5 Kg6 59. Be1 Kh5 60. Kf3 Kg6 1/2-1/2

[Event "NAYCC U16 w"]
[Site "Kingston CAN"]
[Date "2025.08.23"]
[Round "9.4"]
[White "Zhang, Kylie"]
[Black "Yang, Lucy"]
[Result "1-0"]
[WhiteElo "1733"]
[BlackElo "1612"]
[WhiteFideId "-1"]
[WhiteFideId "-1"]
[PlyCount "85"]
[GameId "2223082589218774"]
[EventDate "2025.08.18"]
[EventType "swiss"]
[EventRounds "9"]
[EventCountry "CAN"]

1. e4 c5 2. Nf3 Nc6 3. Bb5 g6 4. O-O Bg7 5. c3 Nf6 6. Re1 O-O 7. h3 d6 8. d4 cxd4 9. cxd4 a6 10. Bf1 e5 11. d5 Ne7 12. a4 Nd7 13. Nfd2 f5 14. Nc4 Nf6 15. Nc3 f4 16. a5 g5 17. Be2 Kh8 18. b3 Rg8 19. Ba3 Ne8 20. Na4 Ng6 21. Nab6 Rb8 22. Rc1 Nh4 23. Nxc8 Rxc8 24. Bg4 Rc7 25. Bh5 Ng6 26. Qg4 Rf8 27. Nb6 Rff7 28. Bxg6 hxg6 29. h4 Bf6 30. hxg5 Bxg5 31. Qe6 Rf6 32. Qh3+ Kg8 33. Rxc7 Nxc7 34. Qg4 Rf7 35. Bxd6 Qxd6 36. Qxg5 Rh7 37. Nc4 Qf8 38. Nxe5 Rg7 39. Ng4 Qb4 40. Qd8+ Kh7 41. Rc1 Qd2 42. Nf6+ Kh6 43. Rxc7 1-0

[Event "NAYCC U16 w"]
[Site "Kingston CAN"]
[Date "2025.08.23"]
[Round "9.5"]
[White "Huang, Jolie"]
[Black "Li, Emma"]
[Result "1-0"]
[WhiteElo "1833"]
[BlackElo "1686"]
[WhiteFideId "-1"]
[WhiteFideId "-1"]
[PlyCount "113"]
[GameId "2223082589222871"]
[EventDate "2025.08.18"]
[EventType "swiss"]
[EventRounds "9"]
[EventCountry "CAN"]

1. d4 d5 2. c4 c6 3. Nf3 Nf6 4. Nbd2 e6 5. e3 Nbd7 6. Bd3 dxc4 7. Nxc4 Nb6 8. Nce5 Bd6 9. O-O Qc7 10. Bd2 Nbd7 11. Nc4 e5 12. e4 O-O 13. Nxd6 Qxd6 14. Bc3 Ng4 15. Be2 exd4 16. Qxd4 Qxd4 17. Nxd4 Ngf6 18. f3 Nb6 19. a4 Rd8 20. a5 Nbd7 21. Nf5 Nc5 22. Ne7+ Kf8 23. Nxc8 Raxc8 24. Bb4 Nfd7 25. Rfd1 Kg8 26. Rd6 Ne6 27. Rad1 c5 28. Bc3 Nb8 29. Rxd8+ Rxd8 30. Rxd8+ Nxd8 31. Kf2 Nbc6 32. Ke3 f6 33. Bc4+ Kf8 34. f4 Nf7 35. Bd5 Nfd8 36. g4 Ke7 37. h4 Kd6 38. g5 f5 39. Bxg7 Nxa5 40. Be5+ Ke7 41. exf5 Nf7 42. Bf6+ Kf8 43. g6 hxg6 44. fxg6 Nh6 45. g7+ Ke8 46. g8=Q+ Nxg8 47. Bxg8 Kf8 48. Be6 Nc6 49. h5 Ne7 50. Bxe7+ Kxe7 51. f5 Kf6 52. h6 b5 53. Bd7 a6 54. Ke4 Kf7 55. Be6+ Kf6 56. Kd5 c4 57. Kc5 1-0

[Event "NAYCC U18"]
[Site "Kingston CAN"]
[Date "2025.08.18"]
[Round "1.1"]
[White "Park, Evan"]
[Black "Zhu, Matthew"]
[Result "1-0"]
[WhiteElo "2412"]
[BlackElo "2043"]
[WhiteFideId "-1"]
[WhiteFideId "-1"]
[PlyCount "107"]
[GameId "2214840667865283"]
[EventDate "2025.08.18"]
[EventType "swiss"]
[EventRounds "9"]
[EventCountry "CAN"]

1. e4 c5 2. Nf3 d6 3. Bc4 Nc6 4. O-O g6 5. c3 Bg7 6. d4 cxd4 7. cxd4 Nf6 8. d5 Nb8 9. Nc3 Bg4 10. Qb3 Bxf3 11. gxf3 Qc8 12. Bb5+ Nbd7 13. Bd2 O-O 14. Rfc1 Nc5 15. Qd1 Qh3 16. Qf1 Qh4 17. Qg2 Bh6 18. Be3 Rfc8 19. Qg3 Qxg3+ 20. hxg3 Bxe3 21. fxe3 a6 22. Be2 a5 23. g4 h6 24. Rc2 Nfd7 25. Rac1 Rd8 26. Nb5 Rac8 27. Nd4 Nb6 28. Bb5 e6 29. dxe6 fxe6 30. Kg2 e5 31. Ne2 Kf7 32. Nc3 Ne6 33. Kg3 Rc5 34. a4 Rdc8 35. Rh1 Kg7 36. Rd2 Rd8 37. Rhd1 Nc8 38. Nd5 Kf7 39. b3 Nc7 40. Bc4 Kf8 41. f4 Nxd5 42. Rxd5 exf4+ 43. exf4 Rxd5 44. Bxd5 b6 45. Rh1 Kg7 46. Rc1 Ne7 47. Rc7 Kf8 48. Be6 d5 49. e5 d4 50. f5 gxf5 51. gxf5 d3 52. f6 Ng6 53. Rg7 Ke8 54. Rxg6 1-0

[Event "NAYCC U18"]
[Site "Kingston CAN"]
[Date "2025.08.18"]
[Round "1.2"]
[White "Lu, Yiding"]
[Black "Yang, Jingyun (Ryan)"]
[Result "1-0"]
[WhiteElo "2042"]
[BlackElo "2372"]
[WhiteFideId "-1"]
[WhiteFideId "-1"]
[PlyCount "87"]
[GameId "2214840705777864"]
[EventDate "2025.08.18"]
[EventType "swiss"]
[EventRounds "9"]
[EventCountry "CAN"]

1. e4 e5 2. Nf3 Nc6 3. Bc4 Nf6 4. d3 h6 5. O-O d6 6. c3 g5 7. a4 Bg7 8. a5 a6 9. Nbd2 O-O 10. Bb3 Nh5 11. Nc4 Nf4 12. g3 Ng6 13. Ne3 Bh3 14. Re1 Qd7 15. Kh1 Nce7 16. d4 exd4 17. cxd4 c5 18. Nc4 Rad8 19. d5 f5 20. e5 dxe5 21. d6 Kh8 22. dxe7 Qxe7 23. Qe2 Qc7 24. Ng1 Qc6+ 25. f3 Bg4 26. Qg2 Bh5 27. Ba4 Qe6 28. Nb6 f4 29. Bc2 g4 30. fxg4 Bxg4 31. Ra3 Rd4 32. Qxb7 e4 33. Rxe4 Qf5 34. Rxd4 Qxc2 35. Rc4 Qd1 36. gxf4 Bd4 37. Be3 Bxb2 38. Bxc5 Rg8 39. Rg3 Nh4 40. Qd5 Qf1 41. Bd4+ Bxd4 42. Qxd4+ Rg7 43. Rxg4 Nf3 44. Qxg7# 1-0

[Event "NAYCC U18"]
[Site "Kingston CAN"]
[Date "2025.08.18"]
[Round "1.3"]
[White "Chen, Max"]
[Black "Mulay, Vivan Prakash"]
[Result "1/2-1/2"]
[WhiteElo "2318"]
[BlackElo "2029"]
[WhiteFideId "-1"]
[WhiteFideId "-1"]
[PlyCount "165"]
[GameId "2214843345035475"]
[EventDate "2025.08.18"]
[EventType "swiss"]
[EventRounds "9"]
[EventCountry "CAN"]

1. e4 c5 2. Nf3 d6 3. Bb5+ Bd7 4. Bxd7+ Qxd7 5. O-O Nc6 6. c3 Nf6 7. Re1 e6 8. d3 Be7 9. Bg5 O-O 10. Nbd2 h6 11. Bh4 b5 12. d4 cxd4 13. cxd4 Rfc8 14. Rc1 d5 15. e5 Ne4 16. Bxe7 Nxe7 17. Nxe4 dxe4 18. Rxe4 Qd5 19. Rxc8+ Rxc8 20. Qb1 Nf5 21. b3 b4 22. h4 Rc3 23. Rf4 Qc6 24. Kh2 Ne7 25. Nd2 Ng6 26. Rg4 Rc2 27. h5 Ne7 28. Ne4 Nf5 29. Qe1 a5 30. a3 Rc1 31. Qd2 Rc2 32. Qe1 Rc1 33. Qd2 Rc2 34. Qd3 bxa3 35. d5 Qc8 36. d6 a2 37. d7 Qd8 38. Nf6+ Kh8 39. Ra4 Rc5 40. b4 Rxe5 41. Qc3 Rb5 42. Qc8 Rb8 43. Qxd8+ Rxd8 44. bxa5 Ne7 45. Ne4 Rxd7 46. Rxa2 Nc6 47. a6 Ra7 48. Nc5 Kg8 49. Rb2 Kf8 50. Rb6 Nd8 51. Rb8 Ke7 52. Rb7+ Rxb7 53. axb7 Nc6 54. Na6 Kf6 55. b8=Q Nxb8 56. Nxb8 Kg5 57. Nc6 Kxh5 58. Nd8 Kg6 59. Kg3 e5 60. Nc6 Kf5 61. Kf3 h5 62. Nd8 f6 63. Nb7 e4+ 64. Ke3 Ke5 65. Nc5 f5 66. Nd7+ Ke6 67. Nb6 g5 68. Kd4 h4 69. Nd5 Kd6 70. Ne3 Ke6 71. Nf1 Kd6 72. Nh2 Ke6 73. Nf1 Kd6 74. Ne3 Ke6 75. Nc4 g4 76. Ne3 h3 77. gxh3 gxh3 78. Nf1 Kd6 79. Nh2 Ke6 80. Nf1 Kd6 81. Ng3 Ke6 82. Nf1 Kd6 83. Nh2 1/2-1/2

[Event "NAYCC U18"]
[Site "Kingston CAN"]
[Date "2025.08.18"]
[Round "1.4"]
[White "Shankar, Pranav"]
[Black "Guo, Ethan"]
[Result "1/2-1/2"]
[WhiteElo "2028"]
[BlackElo "2311"]
[WhiteFideId "-1"]
[WhiteFideId "-1"]
[PlyCount "97"]
[GameId "2214859947401438"]
[EventDate "2025.08.18"]
[EventType "swiss"]
[EventRounds "9"]
[EventCountry "CAN"]

1. d4 e6 2. c4 b6 3. Nf3 Bb7 4. g3 Bb4+ 5. Bd2 Bxf3 6. exf3 Bxd2+ 7. Qxd2 Nf6 8. Nc3 O-O 9. Bg2 d5 10. f4 c6 11. b3 g6 12. O-O Nbd7 13. Rad1 Rc8 14. Rfe1 Nb8 15. Qc2 Rc7 16. Rc1 dxc4 17. bxc4 Rd7 18. Red1 c5 19. d5 exd5 20. Nxd5 Nxd5 21. cxd5 Qf6 22. Qe2 Rfd8 23. Qe5 Rd6 24. Rd2 Nd7 25. Qe2 Nb8 26. h4 a6 27. a4 Qf5 28. Be4 Qd7 29. Qc4 Re8 30. Bc2 Rc8 31. f5 b5 32. Qf4 Qe7 33. fxg6 fxg6 34. h5 Rf8 35. Qg4 Nd7 36. Re2 Qf6 37. f4 Qg7 38. hxg6 hxg6 39. Re6 Rf6 40. Rce1 Nf8 41. Re7 Rf7 42. R7e5 c4 43. Qc8 Rfd7 44. Qc5 Qh6 45. Kg2 Rh7 46. Qxd6 Qh2+ 47. Kf3 Qxc2 48. axb5 Rh2 49. Qxf8+ 1/2-1/2